00421nam a2200145Ia 4500008004100000041000900041082001900050100001300069245002800082260003600110300000800146650000800154999001700162952009600179230718s9999 xx 000 0 und d aEng. a347.549bBAR-T aBare Act 4aThe Limitation Act ((88 aPakistanbNadeem law bookc1998 a245 aLaw c26712d26712 00104070aSIRC-LbSIRC-Ld2023-07-18l0o347.549 BAR-Tp21664r2023-07-18w2023-07-18yBK